Statistics for Random Geography Quiz

Click here to take the quiz!

General Stats

  • This quiz has been taken 24 times
  • The average score is 6 of 15

Answer Stats

HintAnswer% Correct
US state closest to AfricaMaine
86%
Smallest countryVatican
77%
Most populous island in GreeceCrete
68%
Country with the most islandsSweden
68%
Country with the most treesRussia
64%
Northernmost continental US stateMinnesota
55%
98 largest countryGreece
36%
Least populous US state in 1910Nevada
36%
Oldest RepublicSan Marino
32%
US state with the 3rd most cowsKansas
14%
9th smallest US stateMaryland
14%
US state with the 10th largest coastlineMassachusetts
9%
3rd most populous islandBritain
5%
Country with the longest average life spanHong Kong
5%
98th smallest countryNorth Korea
5%

Score Distribution

Percentile by Number Answered

Percent of People with Each Score

Your Score History

You have not taken this quiz